Регионална библиотека "Любен Каравелов" - Русе

Животновъдни обекти (Запис номер 65474)

MARC детайли
000 -Лидер
Контролно поле с фиксирана дължина 01809nam a2200337 c 4500
003 - Код на организацията, давaща контролен номер
Контролно поле BLK
005 - Дата и час на последна редакция
Контролно поле 20180420223352.0
008 - Елементи от данни с фиксирана дължина
fixed length control field 180408b bul|||||r ||||||| ||bul||
010 ## - Наследен системен номер
LC control number KNG00069752000
040 ## - Източник на каталожния запис
Идентификатор на билиотеката - собственик на записа BLK
041 ## - Код за език
Код за езика на текст/звукозапис или на отделно заглавие Български
Код за езика КДБФ Български
080 ## - УДК
Текстов определител УДК Животновъдни сгради и съоръжения. Ферми. Спомагателни помещения. Оборудване. Вж и 728. 9; 69; 636. 08; 727. 6; 631. 3
УДК код - определител по УДК 631.22
УДК определител (083.7)
УДК - код + определител 631.22(083.7)
139 ## - Редно поле
Редна дума Животновъдни обекти
Авторски знак Живо - Ж 49
245 10 - Сведения за заглавието
Заглавие Животновъдни обекти
Подзаглавни данни Норми за проектиране на генерални планове за животновъдни и птицевъдни комплекси ; Норми за проектиране на животновъдни и птицевъдни сгради ; Наредба № 44 от 20 апр. 2006 г. за ветеринарномед. изисквания към животновъдните обекти ; Технологични норми
257 ## - Страна на издаване
Страна на създаване/издаване България
260 ## - Област на издателските данни
-- София
Име на издателя, разпространителя и проч. Блестящ факел
Година на издаване 2006
300 ## - Физическа характеристика
Страници 195 с.
Илюстрации и др. с табл.
Размери/Мащаб 21 см
380 ## - Жанр
Жанр Селско стопанство
490 1# - СЕРИИ (Колекции)
Име на серия Библиотека на проектанта,строителя и инвеститора
№: серия Кн. 18
500 ## - Общи забележки
Забележка Офс. изд.
650 #4 - Допълнително описание по предмет – тема
Основно описание – тема или топоним Селскостопански сгради - проектиране и строителство
9 (RLIN) 292486
653 ## - Ключова дума – ненормативна
Ключова дума селскостопански сгради
653 ## - Ключова дума – ненормативна
Ключова дума животновъдство
653 ## - Ключова дума – ненормативна
Ключова дума проектиране
653 ## - Ключова дума – ненормативна
Ключова дума нормативни документи
852 ## - Местоположение
Форматна сигнатура Цб 230241
856 4# - Електронен адрес и достъп
Електронен формат pdf - файл
Път до файла /url/
856 4# - Електронен адрес и достъп
Електронен формат pdf - файл
Път до файла /url/
942 ## - АРТИКУЛИ
Вид на библиотечния материал Книги
Скрит в OPAC Не
944 ## - СЪЗДАВАНЕ И РЕДАКЦИЯ на ЗАПИСА
Създаване/Редакция Създаване
Дата на регистрацията/редакция 29.11.2006
Служител, извършил регистрацията/редакцията Людмила_Стоянова
944 ## - СЪЗДАВАНЕ И РЕДАКЦИЯ на ЗАПИСА
Създаване/Редакция Редакция
Дата на регистрацията/редакция 04.12.2006
Служител, извършил регистрацията/редакцията
999 ## - СИСТЕМНИ КОНТРОЛНИ НОМЕРА
Koha biblionumber 65474
Koha biblioitemnumber 65474
Наличности
Код за отписване Код за изгубен артикул Код за повреда Коз за рестрикции Код за отдаване Артикулен № Име на библиотеката - собственик Име на библиотеката, в която се намира в момента Статус (Текущо местоположение) Дата на вписване в системата Местоположение - отдел Цена в лева Инвентарен номер Систематично азбучна сигнатура Баркод Номер на екземпляра Цена в евро Служебна бележка Служебен тип на артикула
  Не е изгубен Не е повреден без рестрикции ползва се в читалня 107994 Регионална библиотека "Любен Каравелов" Русе Регионална библиотека "Любен Каравелов" Русе Читалня 2006-11-29 Читалня 9.96 120000707063 Ч 631/Ж 49 120000707063 1 5.09 Дост: Pk Вид: Ф N: 45950 Дата: 27.11.2006 Дата инв: 20.03.2017 Бележки инв: Ч2017 Книги
Vip Innovations Ltd, Rousse, Bulgaria 2025